000 00596nam a2200181Ia 4500
008 151202s9999||||xx |||||||||||||| ||und||
082 _bPNVM-66466
100 _aमारुलकर दत्ता.
245 _aआठव मैफलींचा.
260 _b"रसिक आंतरभारती, पुणे."
260 _c2006
300 _a176
600 _aमारुलकर दत्ता.
630 _aआठव मैफलींचा.
700 _aमारुलकर दत्ता.
730 _aआठव मैफलींचा.
942 _cBOOK
999 _c1332998
_d1332995